000
00370nam a22001577a 4500
003
MPLRDC
005
20220104123455.0
008
210129b ||||| |||| 00| 0 eng d
082
_a
424 LHZ
100
_a
梁惠珠编著
245
_a
创造你的整体美
_c
260
_a
_b
新风文化事业公司
_c
300
_b
平
650
_a
美容
942
_c
BK
_o
424 LHZ
999
_c
11706
_d
11696